Estatísticas para Paulistão A1, A2, A3

Clique aqui para jogar o quiz

Estatísticas Gerais

  • Esse quiz foi jogado 53 vezes
  • A pontuação média é 34 de 48

Estatísticas das Respostas

DivisãoTimeCidade% Correto
A1CorinthiansSão Paulo
98%
A1GuaraniCampinas
95%
A1MirassolMirassol
95%
A1PalmeirasSão Paulo
95%
A1RB BragantinoBragança Paulista
95%
A1SantosSantos
95%
A1São PauloSão Paulo
95%
A1Inter de LimeiraLimeira
93%
A1ItuanoItu
93%
A1Ponte PretaCampinas
93%
A1PortuguesaSão Paulo
93%
A1BotafogoRibeirão Preto
91%
A1NovorizontinoNovo Horizonte
91%
A3São BernardoSão Bernardo do Campo
91%
A1São BernardoSão Bernardo do Campo
91%
A1Santo AndréSanto André
89%
A3São CaetanoSão Caetano do Sul
89%
A1Água SantaDiadema
86%
A2São JoséSão José dos Campos
86%
A2XV de PiracicabaPiracicaba
86%
A2CapivarianoCapivari
82%
A3MaríliaMarília
82%
A2Rio ClaroRio Claro
80%
A2TaubatéTaubaté
80%
A2LinenseLins
77%
A2Portuguesa SantistaSantos
77%
A2FerroviáriaAraraquara
73%
A2Monte AzulMonte Azul Paulista
73%
A2São BentoSorocaba
68%
A3SertãozinhoSertãozinho
68%
A2JuventusSão Paulo
66%
A3LemenseLeme
64%
A3CatanduvaCatanduva
61%
A2ComercialRibeirão Preto
61%
A2OesteBarueri
59%
A3VotuporanguenseVotuporanga
59%
A3União São JoãoAraras
52%
A2NoroesteBauru
48%
A3Grêmio PrudentePresidente Prudente
45%
A3ItapirenseItapira
43%
A3MatonenseMatão
41%
A2Velo ClubeRio Claro
39%
A3Rio PretoSão José do Rio Preto
36%
A2PrimaveraIndaiatuba
32%
A3BandeiranteBirigui
30%
A3União SuzanoSuzano
30%
A3Desportivo BrasilPorto Feliz
20%
A3Bragantino 2Bragança Paulista
18%

Distribuição das Pontuações

Percentil de Números Respondidos

Porcentagem de Pessoas com Cada Pontuação

Sua Pontuação Histórica

Você não jogou esse quiz